Применение аналоговой вычислительной машины при расчете движения частиц в магнитных и электрических полях; Тезисы докладов на пятой Межвузовской научной конференции по электронным ускорителям (17-21 марта 1964 г.)

Dades bibliogràfiques
Parent link:Тезисы докладов на пятой Межвузовской научной конференции по электронным ускорителям (17-21 марта 1964 г.).— 1964.— С. 10
Autor principal: Кочегуров В. А. Владимир Александрович
Altres autors: Триханова Н. В., Щанин П. М.
Sumari:В фонде НТБ ТПУ отсутствует
Idioma:rus
Publicat: 1964
Matèries:
Format: MixedMaterials Capítol de llibre
KOHA link:https://koha.lib.tpu.ru/cgi-bin/koha/opac-detail.pl?biblionumber=592894

MARC

LEADER 00000naa0a2200000 4500
001 592894
005 20250523135933.0
035 |a (RuTPU)RU\TPU\tpu\5561 
090 |a 592894 
100 |a 20011210d1964 k||y0rusy50 ca 
101 0 |a rus 
102 |a RU 
200 1 |a Применение аналоговой вычислительной машины при расчете движения частиц в магнитных и электрических полях  |f В. А. Кочегуров, Н. В. Триханова, П. М. Щанин 
333 |a В фонде НТБ ТПУ отсутствует 
463 |t Тезисы докладов на пятой Межвузовской научной конференции по электронным ускорителям (17-21 марта 1964 г.)  |v С. 10  |d 1964 
610 1 |a электронные ускорители 
610 1 |a труды учёных ТПУ 
700 1 |a Кочегуров  |b В. А.  |c математик  |c профессор Томского политехнического университета  |f 1931-  |g Владимир Александрович  |3 (RuTPU)RU\TPU\pers\13833 
701 1 |a Триханова  |b Н. В. 
701 1 |a Щанин  |b П. М. 
801 0 |a RU  |b 63413507  |c 20011210  |g PSBO 
801 2 |a RU  |b 63413507  |c 20130326  |g PSBO 
850 |a 63413507 
942 |c BK